Campeones de la Copa Mundial de Clubes de la FIFA - ¡Muerte súbita! - Estadísticas

Estadísticas generales
  • Esta prueba ha sido intentada 1.938 veces
  • La puntuación promedio es 6 de 12
Answers on the Grid
Answers color-coded by a green-red scale on the quiz's grid according to % correct below.
Real Madrid C. F.
F. C. Barcelona
S. C. Corinthians
F. C. Bayern
Liverpool F. C.
Chelsea F. C.
São Paulo F. C.
S. C. Internacional
A. C. Milan
Manchester United F. C.
F. C. Internazionale
Manchester City F. C.
C. R. Vasco da Gama
C. A. Boca Juniors
Liga de Quito
Estudiantes de La Plata
T. P. Mazembe
Santos F. C.
Raja Casablanca
C. A. San Lorenzo
C. A. River Plate
Kashima Antlers F. C.
Grêmio F. P. A.
Al-Ain F. C.
Al-Hilal S. F. C.
C. R. Flamengo
C. F. Tigres de la UANL
S. E. Palmeiras
Fluminense F. C.
Urawa Red Diamonds
 
Estadísticas de respuestas
Respuesta % Correcto
Real Madrid C. F.
65%
F. C. Barcelona
62%
F. C. Bayern
58%
Liverpool F. C.
55%
Manchester City F. C.
55%
Chelsea F. C.
54%
A. C. Milan
52%
Manchester United F. C.
48%
F. C. Internazionale
39%
S. C. Corinthians
27%
S. C. Internacional
20%
São Paulo F. C.
19%
No se encontraron pruebas coincidentes
Distribución de puntuación
Porcentaje de gente con cada puntuación
Porcentaje por número respondido
Historial de tus puntuaciones
No has intentado esta prueba.